Sports Quiz

Random Sports or Basketball Quiz

Top 100 NBA Players (2015-16) Quiz Stats

Quiz Updated Nov 3, 2015

Challenge
Share
Tweet
Embed
Score 0/100 Timer 08:00
9 Plays Today
Rank Player % Correct
1LeBron James
99.5%
4Stephen Curry
98.1%
3Kevin Durant
97.7%
5James Harden
96.8%
7Russell Westbrook
96.6%
2Anthony Davis
96.5%
6Chris Paul
96.3%
9Blake Griffin
94.1%
11John Wall
92.9%
16Klay Thompson
91.5%
10Marc Gasol
91%
18Kyrie Irving
90.6%
8Kawhi Leonard
90.2%
35Pau Gasol
90%
12DeMarcus Cousins
89.8%
59Tristan Thompson
89.1%
46Dwyane Wade
89.1%
19Draymond Green
88.1%
23Tim Duncan
88%
27Carmelo Anthony
87.9%
21Kevin Love
87.3%
54Tony Parker
87%
14Dwight Howard
86.7%
60Danny Green
86.4%
17Jimmy Butler
85.9%
15Damian Lillard
85.3%
49Jabari Parker
85.2%
26Paul George
84.4%
25DeAndre Jordan
82.6%
41Derrick Rose
80.8%
13LaMarcus Aldridge
80.4%
22Chris Bosh
79.9%
20Mike Conley
78.1%
34Kyle Lowry
74.6%
Rank Player % Correct
52DeMar DeRozan
71.5%
36Bradley Beal
71.3%
30Andre Drummond
71.1%
24Al Horford
70.2%
43Dirk Nowitzki
69.9%
29Paul Millsap
69.1%
28Serge Ibaka
69%
32Gordon Hayward
68%
44Andrew Wiggins
64.5%
51Brook Lopez
63.9%
31Zach Randolph
63.8%
83Robin Lopez
63.2%
39Jeff Teague
62.1%
79Kemba Walker
61.9%
33Joakim Noah
61.3%
38Goran Dragic
59.4%
68Hassan Whiteside
59.2%
65Isaiah Thomas
58%
37Eric Bledsoe
57.7%
53Kyle Korver
56.9%
75Karl-Anthony Towns
54.6%
93Kobe Bryant
50.7%
42Rudy Gobert
48.3%
66Andrew Bogut
48.1%
56Andre Iguodala
47.1%
58Victor Oladipo
45.7%
40Giannis Antetokounmpo
44%
50Al Jefferson
43.2%
80Harrison Barnes
41.7%
64Ricky Rubio
41.3%
99Eric Gordon
41.1%
47Greg Monroe
40.6%
48Derrick Favors
39.3%
70Rudy Gay
38%
Rank Player % Correct
81Reggie Jackson
37.9%
74Marcin Gortat
37.2%
45Khris Middleton
35%
55Nikola Vucevic
34.8%
88Jrue Holiday
33.6%
63Tyson Chandler
32.8%
100Tony Allen
32.2%
90Jahlil Okafor
31.9%
73J.J. Redick
31.2%
62Chandler Parsons
30.7%
91Brandon Knight
30.2%
76Nerlens Noel
30%
94Trevor Ariza
29.8%
92Luol Deng
29.8%
61DeMarre Carroll
28.7%
71Nicolas Batum
28.4%
57Jonas Valanciunas
28.3%
87Tyreke Evans
27.6%
96Nene Hilario
26.2%
84Taj Gibson
25.8%
95Ryan Anderson
24.7%
97Elfrid Payton
24.6%
82Kenneth Faried
24.2%
86Monta Ellis
23.7%
69Danilo Gallinari
23.4%
67Ty Lawson
23.2%
89Tobias Harris
23.2%
98Roy Hibbert
20.1%
72Nikola Mirotic
19.2%
85Marcus Smart
19%
78Timofey Mozgov
18.5%
77Michael Kidd-Gilchrist
16.7%

You're not logged in!

Compare scores with friends on all Sporcle quizzes.
Join for Free
OR
Log In

You Might Also Like...

Show Comments

Extras

Top Quizzes Today


Score Distribution

Your Account Isn't Verified!

In order to create a playlist on Sporcle, you need to verify the email address you used during registration. Go to your Sporcle Settings to finish the process.

Report this User

Report this user for behavior that violates our Community Guidelines.

Details: